| 000 | 00770nam a22002531 4500 | ||
|---|---|---|---|
| 999 |
_c7207 _d7207 |
||
| 001 | 2168662 | ||
| 003 | GZU | ||
| 005 | 20210505150729.0 | ||
| 008 | 800124s1966 ohua b 000 0 eng | ||
| 010 | _a 65027421 | ||
| 040 |
_aDLC _cDLC _dDLC |
||
| 050 | 0 | 0 |
_aHD31 _b.D174 |
| 082 | 0 | 0 | _a658 |
| 100 | 1 |
_aDale, Ernest, _d1917- |
|
| 245 | 1 | 0 |
_aModern management methods, _cby Ernest Dale and L. C. Michelon. |
| 260 |
_aCleveland, _bWorld Pub. Co. _c[1966] |
||
| 300 |
_ax, 211 p. _bcol. illus. _c24 cm. |
||
| 490 | 0 | _a[World continuing education series] | |
| 504 | _aBibliographical footnotes. | ||
| 650 | 0 | _aIndustrial management. | |
| 700 | 1 |
_aMichelon, Leno Ceno, _d1918- |
|
| 906 |
_a7 _bcbc _corignew _du _eocip _f19 _gy-gencatlg |
||
| 942 |
_2lcc _cBK _h31 _iDAL _kHD _m1966 |
||